000 00624nam a22001577a 4500
003 OSt
005 20150910140116.0
008 150910b xxu||||| |||| 00| 0 eng d
040 _cRUA
082 _aAGR មាន 1995 B013 Or.1
100 _9234
_aមាន ​ចេតនា
245 _aការស្ទាបស្ទង់អំពីថ្នាំពុលកសិកម្មនិងទំលាប់នៃការប្រើប្រាស់របស់កសិករខេត្តបន្ទាយមានជ័យ
260 _aPhnom Penh
_bRUA
_c1995
300 _a52p.
_bill.
_c29cm.
942 _2ddc
_cAGR
999 _c219
_d219